Movies Quiz

Random Movies or Quote Quiz

Movie Quotes V Quiz Stats

 Plays Quiz Updated Nov 16, 2017

Score 0/16 Timer 05:00
0 Plays Today
Quote Movie % Correct
I'm pretty sure there's a lot more to life than being really, really good looking. And I plan on finding out what that is.Zoolander
69.2%
Oh, this is gonna be fun! We can stay up late, swapping manly stories, and in the morning, I'm making waffles!Shrek
54.2%
No, Mr. Bond. I expect you to die!Goldfinger
53.3%
I can't believe I gave my panties to a geek.Sixteen Candles
48.4%
Tell me something, my friend. You ever dance with the devil in the pale moonlight?Batman
38.3%
The greatest trick the devil ever pulled was convincing the world he didn't exist.The Usual Suspects
36.9%
Strikeouts are boring; besides that, they're fascist. Throw some ground balls. It's more democratic.Bull Durham
28%
Every man dies. Not every man really lives.Braveheart
22.8%
Quote Movie % Correct
Ma, I made it…Top of the world!White Heat
14.2%
I wanted to meet interesting and stimulating people of an ancient culture, and kill them.Full Metal Jacket
13.4%
You shoot off a guy's head with his pants down, believe me, Texas is not the place you wanna get caught.Thelma & Louise
12.1%
I want you to remember this face, here. Okay? This is the guy behind the guy behind the guy.Swingers
12.1%
Aristotle was not Belgian. The central message of Buddhism is not 'every man for himself.' And the London Underground is not a political movement.A Fish Called Wanda
12%
I was thinking of the immortal words of Socrates who said, ‘I drank what?’Real Genius
10%
There are two types of people in this world: those who like Neil Diamond, and those who don't.What About Bob?
9.3%
You're not too smart, are you? I like that in a man.Body Heat
8.1%

You're not logged in!

Compare scores with friends on all Sporcle quizzes.
OR
Log In

Sporcle TV

Today on Sporcle TV


Watch our educational content, quiz creation guides, and fun videos on Sporcle TV.

Show Comments

Extras

Top Quizzes Today


Score Distribution

Your Account Isn't Verified!

In order to create a playlist on Sporcle, you need to verify the email address you used during registration. Go to your Sporcle Settings to finish the process.

Report this User

Report this user for behavior that violates our Community Guidelines.

Details: